| 000 | 01489nam a2200361 a 4500 | ||
|---|---|---|---|
| 001 | ebr10302961 | ||
| 003 | CaPaEBR | ||
| 006 | m u | ||
| 007 | cr cn||||||||| | ||
| 008 | 090811s2006 dcua sb 000 0 eng d | ||
| 040 |
_aCaPaEBR _cCaPaEBR |
||
| 035 | _a(OCoLC)568151314 | ||
| 043 | _acl----- | ||
| 050 | 1 | 4 |
_aHB3755.5 _b.S24 2006eb |
| 100 | 1 | _aSahay, Ratna. | |
| 245 | 1 | 0 |
_aVolatility and growth in Latin America _h[electronic resource] : _ban episodic approach / _cprepared by Ratna Sahay and Rishi Goyal. |
| 260 |
_aWashington, D.C. : _bInternational Monetary Fund, _c2006. |
||
| 300 |
_a52 p. : _bill. |
||
| 490 | 1 |
_aIMF working paper ; _vWP/06/287 |
|
| 500 | _a"December 2006." | ||
| 504 | _aIncludes bibliographical references (p. 49-52). | ||
| 533 |
_aElectronic reproduction. _bPalo Alto, Calif. : _cebrary, _d2013. _nAvailable via World Wide Web. _nAccess may be limited to ebrary affiliated libraries. |
||
| 650 | 0 |
_aBusiness cycles _zLatin America. |
|
| 651 | 0 |
_aLatin America _xEconomic policy. |
|
| 651 | 0 |
_aLatin America _xEconomic conditions. |
|
| 655 | 7 |
_aElectronic books. _2local |
|
| 700 | 1 | _aGoyal, Rishi. | |
| 710 | 2 |
_aInternational Monetary Fund. _bFinance Dept. |
|
| 710 | 2 |
_aInternational Monetary Fund. _bWestern Hemisphere Dept. |
|
| 710 | 2 | _aebrary, Inc. | |
| 830 | 0 |
_aIMF working paper ; _vWP/06/287. |
|
| 856 | 4 | 0 |
_uhttp://site.ebrary.com/lib/rucke/Doc?id=10302961 _zAn electronic book accessible through the World Wide Web; click to view |
| 999 |
_c68633 _d68633 |
||